<?xml version="1.0" encoding="UTF-8"?>
<record
    xmlns:xsi="http://www.w3.org/2001/XMLSchema-instance"
    xsi:schemaLocation="http://www.loc.gov/MARC21/slim http://www.loc.gov/standards/marcxml/schema/MARC21slim.xsd"
    xmlns="http://www.loc.gov/MARC21/slim">

  <leader>00979nam a22002537a 4500</leader>
  <controlfield tag="003">OSt</controlfield>
  <controlfield tag="005">20260601193900.0</controlfield>
  <controlfield tag="008">260506b20032006ag a|||| |||| 00| 0 spa d</controlfield>
  <datafield tag="020" ind1=" " ind2=" ">
    <subfield code="a">9508891408</subfield>
  </datafield>
  <datafield tag="040" ind1=" " ind2=" ">
    <subfield code="a">ICI</subfield>
    <subfield code="b">spa</subfield>
    <subfield code="c">ICI</subfield>
  </datafield>
  <datafield tag="041" ind1=" " ind2=" ">
    <subfield code="a">spa</subfield>
  </datafield>
  <datafield tag="050" ind1=" " ind2=" ">
    <subfield code="a">NK8907.A7</subfield>
    <subfield code="b">F53 1995</subfield>
  </datafield>
  <datafield tag="100" ind1=" " ind2="1">
    <subfield code="a">Fiadone, Alejandro, Eduardo, </subfield>
    <subfield code="e">autor</subfield>
    <subfield code="9">33754</subfield>
  </datafield>
  <datafield tag="245" ind1=" " ind2="1">
    <subfield code="a">El dise&#xF1;o ind&#xED;gena argentino :</subfield>
    <subfield code="b">una aproximaci&#xF3;n est&#xE9;tica a la iconograf&#xED;a precolombina  /</subfield>
    <subfield code="c">Alejandro Eduardo Fiadone ; pr&#xF3;logo de Alejandro Gonz&#xE1;lez Rex,</subfield>
  </datafield>
  <datafield tag="264" ind1=" " ind2=" ">
    <subfield code="a">Buenos Aires :</subfield>
    <subfield code="b">La marca,</subfield>
    <subfield code="c">2003</subfield>
  </datafield>
  <datafield tag="300" ind1=" " ind2=" ">
    <subfield code="a">280 p&#xE1;ginas :</subfield>
    <subfield code="b">ilustraciones </subfield>
    <subfield code="e">incluye CD-ROM con los dise&#xF1;os</subfield>
  </datafield>
  <datafield tag="650" ind1=" " ind2=" ">
    <subfield code="a">Arte ind&#xED;gena</subfield>
    <subfield code="z">Argentina</subfield>
    <subfield code="9">33755</subfield>
  </datafield>
  <datafield tag="650" ind1=" " ind2=" ">
    <subfield code="a">Dise&#xF1;o ind&#xED;gena</subfield>
    <subfield code="z">Argentina</subfield>
    <subfield code="9">33756</subfield>
  </datafield>
  <datafield tag="650" ind1=" " ind2=" ">
    <subfield code="a">Artesan&#xED;as ind&#xED;genas</subfield>
    <subfield code="z">Argentina</subfield>
    <subfield code="9">33757</subfield>
  </datafield>
  <datafield tag="650" ind1=" " ind2=" ">
    <subfield code="a">Arte popular</subfield>
    <subfield code="z">Argentina</subfield>
    <subfield code="9">33758</subfield>
  </datafield>
  <datafield tag="650" ind1=" " ind2=" ">
    <subfield code="a">Motivos decorativos ind&#xED;genas</subfield>
    <subfield code="9">33759</subfield>
  </datafield>
  <datafield tag="700" ind1=" " ind2=" ">
    <subfield code="a">Gonz&#xE1;lez Rex, Alejandro,</subfield>
    <subfield code="e">prologuista</subfield>
    <subfield code="9">33760</subfield>
  </datafield>
  <datafield tag="942" ind1=" " ind2=" ">
    <subfield code="2">lcc</subfield>
    <subfield code="c">B</subfield>
    <subfield code="n">1</subfield>
  </datafield>
  <datafield tag="999" ind1=" " ind2=" ">
    <subfield code="c">22213</subfield>
    <subfield code="d">22213</subfield>
  </datafield>
  <datafield tag="952" ind1=" " ind2=" ">
    <subfield code="0">0</subfield>
    <subfield code="1">0</subfield>
    <subfield code="2">lcc</subfield>
    <subfield code="4">0</subfield>
    <subfield code="7">0</subfield>
    <subfield code="a">BDIMFM</subfield>
    <subfield code="b">BDIMFM</subfield>
    <subfield code="d">2026-05-06</subfield>
    <subfield code="l">0</subfield>
    <subfield code="o">NK8907.A7 F531995</subfield>
    <subfield code="p">BDIMFM000333</subfield>
    <subfield code="r">2026-05-06 23:59:00</subfield>
    <subfield code="t">Ej.1</subfield>
    <subfield code="w">2026-05-06</subfield>
    <subfield code="y">B</subfield>
  </datafield>
</record>
